| 000 | 00443cam a2200181ua 4500 | ||
|---|---|---|---|
| 020 | _c6.00 | ||
| 041 |
_aeng _h |
||
| 082 |
_a691 _bRAJ/EN |
||
| 100 | _aRajaraman, S . | ||
| 245 |
_aEngineering materials / _cS.Rajaraman. _hTextual Documents |
||
| 250 |
_a12 / _b. |
||
| 260 |
_aThiruvananthapuram : _bSt Josephs Press , _c1965. |
||
| 300 |
_a312 : _b` ; . |
||
| 365 | _a6.00 | ||
| 504 | _a | ||
| 942 | _cBK | ||
| 999 |
_c1773 _d1773 |
||